Normal view
MARC view
Entry Personal Name
001 - CONTROL NUMBER
- control field: 115285
003 - CONTROL NUMBER IDENTIFIER
- control field: OSt
005 - DATE AND TIME OF LATEST TRANSACTION
- control field: 20220918205508.0
008 - FIXED-LENGTH DATA ELEMENTS
- fixed length control field: 220918|| aca||aabn | a|a d
040 ## - CATALOGING SOURCE
- Original cataloging agency: OSt
- Transcribing agency: OSt
100 ## - HEADING--PERSONAL NAME
- Personal name: Brenning H E
670 ## - SOURCE DATA FOUND
- Source citation: Work cat.: (OSt)240109: Brenning H E, Die groben Machte and Morokko in den Jahvor dem Morkko Abkommen 1898-1904, 1934
